Cities by Letter-A - Statistics

General Stats
  • This quiz has been taken 52 times
  • The average score is 35 of 50
Answer Stats
Hint City % Correct
6) Male name or capital of Texas Austin
100%
3) Birthplace of Democracy Athens
96%
41) Largest city in New Zealand Auckland
96%
27) Once held the worlds largest library inantiquity Alexandria
94%
39) Spanish for yellow or a city in north Texas Amarillo
92%
21) Most populous city in Alaska Anchorage
92%
5) Home to the worlds busiest airportand HQ of Coca Cola Atlanta
92%
34) Emirate capital city Abu Dhabi
90%
2) Spanish for Assumption Asuncion
90%
11) Scottish city on the Dee and Don riverconfluence of the North Sea Aberdeen
88%
24) Anne Frank and her family hid from theNazis here Amsterdam
88%
4) Capital of Ghana Accra
85%
38) Capital of South Australia Adelaide
85%
8) Taj Mahal city Agra
85%
50) Capital of NY state Albany
85%
29) Historic port city in Belgium once knownas the diamond capital Antwerp
85%
7) Capital of Kazakhstan Astana
85%
43) Capital of Jordan Amman
83%
9) Hometown of Disney Land Anaheim
83%
28) Capital in the Pyrenees Andorra La Vella
81%
22) Historical city in Guatemala, shares a namewith a Caribbean country Antigua
81%
15) Resort city in southern Mexico Acapulco
79%
48) Texas suburb of Dallas and also the nameof the largest military cemetery Arlington
79%
18) Capital of Nigeria Abuja
75%
44) Capital of Madagascar Antananarivo
75%
40) Capital of Samoa Apia
75%
17) Capital of Turkmenistan Ashgabat
75%
36) Southern Egypt city that shares a namewith the famous Nile river dam Aswan
75%
25) 2nd largest city in Denmark Aarhus
73%
23) Breaking Bad took place here Albuquerque
73%
1) Home to the US Naval Academy Annapolis
71%
14) Resort city on the Mediterranean coastof Turkey Antalya
71%
19) Yemeni city on the gulf of the same name Aden
69%
16) Former capital of Kazakhstan Almaty
69%
49) Home to the University of Michigan Ann Arbor
69%
35) Capital of Eritrea Asmara
69%
12) Home to golfs' Masters Tournament Augusta
67%
30) Charlemagne once made this Germancity the capital of the Frankish empire Aachen
67%
13) Capital of Corsica Ajaccio
58%
31) 4th largest city in Denmark Aalborg
50%
42) Dog breed or a city in Japan Akita
46%
45) City near Manila that shares a name witha major California city Angeles
42%
10) Biggest city in western North Carolina Ashville
40%
20) 2nd most populous city in Peru Arequipa
38%
37) Bin Laden was captured in this Pakistani city by US forces Abbottabad
29%
26) Often called the capital of North Iceland Akureyri
25%
47) 5th most populous Emirate city Ajman
21%
33) Swiss town at the foot of the Alpstein range Appenzell
13%
32) Spanish port city near the Strait of Gibraltar Algeciras
10%
46) Ancient port city on the Mediterraneancoast of Israel Ashkelon
8%
No matching quizzes found
Score Distribution
Percent of People with Each Score
Percentile by Number Answered
Your Score History
You have not taken this quiz